00747nam a2200241 a 4500001001300000003000900013005001700022008004100039020002300080082001800103100001800121245006000139260003200199300000900231500003500240505002900275650002000304700001800324902000800342942000700350952013100357999001700488nice12345678IN_TiNIC20260116014200.0050802s2004 dela grp 000 0 eng  a817273185X c70000a362.1969bRAM aRamamurthy, V aSTRATEGIC APPROACHES TO HIV/AIDS Prevention and Control aDelhi bAuthor Press c2004 a281p aincludes index and biblioraphy2 areferences, bibliography aAids-Prevention1 aRamamurthy, V bSRS cBK 001040708StackRoom-aHMIbHMId2007-11-27g700.00l1o362.1969 RAMp021438r2019-07-24s2019-07-18v700.00w2005-08-02yBK c14214d14214